LDR 00770naa#a2200181#i#450# 001 RU\\bibl\120258 005 20260416222837.4 011 ## _a1819-4036 100 ## _a20210331b2021####ek#y0rusy0150####ca 102 ## _aRU 200 1# _aНОВЫЙ КОНКУРЕНТНЫЙ СОРТ ПШЕНИЦЫ МЯГКОЙ ОЗИМОЙ СТАВРОПОЛЬСКАЯ 7 _eЖурнальная статья 210 1# _aКрасноярск _cКрасноярский государственный аграрный университет _d2021 215 ## _a6 с. 608 ## _aЖурнальная статья _2local 675 ## _aПолеводство. 633 _z 700 #1 _aКовтун _gВиктор Иванович 700 #1 _aКовтун _gЛюдмила Николаевна 856 4# _avestnik.kgau.ru _u